Biblioteca

Les éscrits de Jérémie, la réalisation du malheur voulu par Yahvé, et le pardon du péché dans le livre de Jéremie (Registro nro. 50182)

Detalles MARC
000 -LÍDER
Campo fijo de descripción fija 006360000a22001690004500
001 - NÚMERO DE CONTROL
Campo de control 768714001
003 - IDENTIFICADOR DEL NÚMERO DE CONTROL
Campo de control CO-MdFUSB
005 - FECHA Y HORA DE LA ULTIMA TRANSACCIÓN
control field 20161123114420.0
008 - ELEMENTOS DE LONGITUD FIJA -- INFORMACIÓN GENERAL
Campo fijo de descripción fija -- Información general 161123s1996 sp ||||| |||| 00| 0 spa d
022 ## - NÚMERO INTERNACIONAL NORMALIZADO PARA PUBLICACIONES SERIADAS
Número Internacional Normalizado para Publicaciones Seriadas 0014-1437
040 ## - FUENTE DE CATALOGACIÓN
Agencia Catalogadora CO-MdFUSB
Agencia que realiza la transcripción CO-MdFUSB
Agencia que realiza la modificación CO-MdFUSB
100 1# - ASIENTO PRINCIPAL--NOMBRE PERSONAL
Nombre personal Gosse, Bernard (1949- )
Término relacionador autor
245 10 - TÍTULO
Título Les éscrits de Jérémie, la réalisation du malheur voulu par Yahvé, et le pardon du péché dans le livre de Jéremie
300 ## - DESCRIPCIÓN FÍSICA
Extensión Volumen 55, Número 1 (1997), Páginas 53-72
Dimensiones 23 cm.
773 0# - ASIENTO DE ITEM FUENTE
Título Estudios Bíblicos
Biblionumber 49452
Itemnumber 60480
Parte(s) relacionada(s) / Volumen., número. (mes año), páginas Volumen 55, Número 1 (1997), Páginas 53-72
Enumeración y primera página Página 53
942 ## - TIPO DE MATERIAL (KOHA)
Tipo de Item KOHA Artículos de Revista
Existencias
Expurgo - (Retirado) Estado de Perdido Estado de Dañado No prestable Colección Ubicación habitual Ubicación actual Fecha de Adquisición Signatura Topográfica Tipo de Material
        Colección de Hemeroteca Biblioteca FUSBC Biblioteca FUSBC 26/01/2016 Artículos de Revista

Biblioteca FUSBC | Teléfono: (57+4) 349 88 10 Ext. 141| WhatsApp (+57) 3005338115 
E-mail: biblioteca@unisbc.edu.co | Calle 76 87-14 Robledo Palenque, Medellín, Colombia

Con tecnología Koha